00667nam a2200157Ia 4500008004100000100002500041245009500066245010700161260005300268260000900321300001100330650001500341856006100356999001900417952007300436170221s9999 xx 000 0 und d aRosman Bin Md Yusoff aRole of Integrity in the Success of Freelancing and Entrepreneurship: A Conceptual Review  cRosman Bin Md Yusoff, Abdul Ghafoor Kazi, Muzammil Muhammad Khan Arisar, Farhan Jamil, Sanil S. Hishan bInternational Review of Management and Marketing c2016 a6 : 4S xMarketing. uhttp://www.econjournals.com/index.php/irmm/issue/view/77 c308449d308449 001040aCLbCLd2017-02-21l0r2017-02-21 00:00:00w2017-02-21yFOJ